000 00703nam a2200193 a 4500
001 000036998
005 20200930080055.0
008 120207s1973 sp a 000 0 spa d
040 _aDO-SdBNP
_bspa
_cBNPHU
082 _axxxx
_bF962m, 1973
100 1 _aFulcanelli
_963393
240 1 4 _aLes demeures philosophales
_lEspañol
245 1 4 _aLas moradas filosofales :
_by el simbolismo hermetica en sus relaciones con el arte sagrado y el esoterrismo de la gran obra /
_cFulcanelli; traducción de Vicente Villacampa.
250 _a3a ed.
260 _aBarcelona :
_bPlaza & Janes,
_c1973.
300 _a507 p. ;
_c22 cm.
500 _aTraducido del francés
700 1 _aVillacampa, Vicente ,
_etr.
_913769
999 _c36488
_d36488